The Netherlands Quiz Stats

 Plays Quiz Updated Sep 19, 2017

Also try: The France Quiz
Challenge
Share
Tweet
Embed
Score 0/40 Timer 07:00
0 Plays Today
Hint Answer % Correct
Flag ColorRed
97.7%
Flag ColorWhite
97.6%
Flag ColorBlue
97.4%
CapitalAmsterdam
96.2%
Nationality (Demonym)Dutch
96%
Official LanguageDutch
95.9%
CurrencyEuro
95.2%
Bordering CountryGermany
93.5%
Bordering CountryBelgium
92.9%
Drives on the...Right
88%
Primary ContinentEurope
87.4%
Most Popular SportFootball
87.3%
Age of Suffrage18
82.8%
Bordering SeaNorth Sea
80.6%
Second Largest CityRotterdam
80.3%
Number of Provinces12
78.2%
Bordering CountryFrance
77.7%
Third Largest CityThe Hague
72%
National FlowerTulip
70.8%
Population to the Nearest Million17 million
69.4%
Hint Answer % Correct
Internet Country Code.nl
67.4%
Constituent CountryNetherlands
60.7%
Official NameKingdom of the Netherlands
59.3%
Constituent CountryAruba
54.4%
Animal on Coat of ArmsLion
52.6%
Former Queen Who Abdicated in 2013Beatrix
47.1%
Fourth Largest CityUtrecht
45.8%
World's First Nation to Legalize This in 2001Same Sex Marriage
45.4%
Constituent CountryCuraçao
45%
Currency Pre-2002Guilder
44.3%
Name any River of the Helinium DeltaRhine/Meuse/Schelde
42.6%
KingKing Willem-Alexander
38.7%
Olympics Hosting Year1928
38.1%
Constituent CountrySint Maarten
36.9%
Prime MinisterMark Rutte
36%
National AnthemWilhelmus
35.1%
Name any Island of the Caribbean NetherlandsBonaire/Sint Eustatius/Saba
34.3%
Liberation DayMay 5
26.3%
Bordering SeaCaribbean Sea
25.2%
Largest LakeIJsselmeer
23.7%

You're not logged in!

Compare scores with friends on all Sporcle quizzes.
OR
Log In

You Might Also Like...

Show Comments

Extras

Top Quizzes Today


Score Distribution

Your Account Isn't Verified!

In order to create a playlist on Sporcle, you need to verify the email address you used during registration. Go to your Sporcle Settings to finish the process.

Report this User

Report this user for behavior that violates our Community Guidelines.

Details: